Konsolidácia účtovnej závierky podnikateľov

Gespeichert in:
Bibliographische Detailangaben
1. Verfasser: Hvoždarová, Jana
Format: Buchkapitel
Sprache:Slowakisch
Tags: Tag hinzufügen
Keine Tags, Fügen Sie das erste Tag hinzu!

MARC

LEADER 00000naa$a2200000$$$4500
001 0063126
005 20240502071724.7
041 0 |a slo 
044 |a SK 
245 1 0 |a Konsolidácia účtovnej závierky podnikateľov  |c Janka Hvoždarová 
100 1 |a Hvoždarová, Jana